[Event "RSA-chT U18"]
[Site "Cape Town"]
[Date "2016.01.05"]
[Round "4.9"]
[White "Manthata, Tshegofatso"]
[Black "Steenkamp, Armin"]
[Result "1/2-1/2"]
[WhiteElo "993"]
[BlackElo "1233"]
[PlyCount "59"]
[EventDate "2016.01.04"]
[EventType "team-tourn"]
[EventRounds "7"]
[EventCountry "RSA"]
[SourceTitle "CBM 170 Extra"]
[Source "ChessBase"]
[SourceDate "2016.02.25"]
[SourceVersion "1"]
[SourceVersionDate "2016.02.25"]
[SourceQuality "1"]
[WhiteTeam "Capricorn"]
[BlackTeam "Tshwane"]
[WhiteTeamCountry "RSA"]
[BlackTeamCountry "RSA"]

1. d4 d5 2. e3 Nc6 3. c4 e6 4. Nc3 Nf6 5. Nf3 Bb4 6. Bd2 0-0 7. Bd3 Re8 8. 0-0 e5 9. dxe5 Nxe5 10. Nxe5 Rxe5 11. Re1 Rh5 12. Nxd5 Bxd2 13. Nxf6+ gxf6 14. Qxh5 Qxd3 15. Red1 Be6 16. b3 Kh8 17. Qh4 Qc3 18. Qd4 Qxd4 19. exd4 Bb4 20. d5 Bf5 21. a3 Bc3 22. Ra2 Re8 23. g3 Bg4 24. Rc1 Bf3 25. Rac2 Bd4 26. h4 Re5 27. Rd2 Bc3 28. Rdc2 Bd4 29. Rd2 Bc3 30. Rdc2 1/2-1/2